A straight forward guide to teacher merit pay encouraging and rewarding schoolwide improvement
Guardat en:
| Autor principal: | |
|---|---|
| Format: | Llibre |
| Idioma: | anglès |
| Publicat: |
Corwin
2013
|
| Etiquetes: |
Afegir etiqueta
Sense etiquetes, Sigues el primer a etiquetar aquest registre!
|
MARC
| LEADER | 00000nam a22000007a 4500 | ||
|---|---|---|---|
| 008 | 210128b ||||| |||| 00| 0 eng d | ||
| 020 | |a 978-1-4522-5551-4 | ||
| 100 | |a RITTER, Gary W. | ||
| 245 | |a A straight forward guide to teacher merit pay |b encouraging and rewarding schoolwide improvement |c Gary W. Ritter, Joshua H. Barnett |g xviii; 116p.; ill. | ||
| 260 | |b Corwin |c 2013 |h Thousand Oaks, California |i 693413 |i 693414 |l LB2842.22 .R51 |m Teachers – Salaries, etc. – United States. |m Merit pay – United States. |m School improvement programs – United States | ||
| 942 | |a lcc |c BK |e YUNUSA, A.A. |f 28/01/2021 | ||
| 952 | |0 0 |1 0 |2 lcc |4 0 |6 LB284222 R51 |7 0 |9 1970 |a HOL |b ED |c LP |d 2021-01-28 |l 0 |o LB2842.22 .R51 |p 2021-5831 |r 2021-01-28 00:00:00 |w 2021-01-28 |y BK | ||
| 952 | |0 0 |1 0 |2 lcc |4 0 |6 LB284222 R51 |7 0 |9 1971 |a HOL |b HOL |c LP |d 2021-01-28 |l 0 |o LB2842.22 .R51 |p 2021-5832 |r 2021-01-28 00:00:00 |w 2021-01-28 |y BK | ||
| 999 | |c 1032 |d 1032 | ||